01679nam a2200337 i 4500001001000000003000900010005001700019007000300036008004100039020001800080040003000098082002600128100004900154245009400203264005100297300002900348336002700377337003300404338003000437500007000467590002600537650005700563650005700620910003700677942001400714952014600728952013900874952014501013952016601158999001701324000046472DO-SdBNP20240305125629.0ta150819s2015 dr 000 p spa d a9789945492569 aDO-SdBNPbspacBNPHUerda 4aRD861.4408bM491a2221 aMedina, Rafael Hilario,d1959-eautor92061813aEl arlequín y el minotauro :bantología poética 1989-2014 /cRafael Hilario Medina. aSanto Domingo :bMinisterio de Cultura,c2015. a167 páginas ; b24 cm. 2rdacontentatextobtxt 2rdamediaasin mediaciónbn 2rdacarrier avolumen bnc aIncluye datos biográficos del autor en la solapa de la cubierta aInventariado, 2023/BT 4aPoesía dominicana y1989-2014vColecciones 983838 4aLiteratura dominicanavColeccionesy1989-2014983839 aValidado. Control de calidad MFF 2ddccLBS1 00102ddc56708DSaBNPHUbBNPHUcHDd2015-08-19eDepósito legalo BNPHU DS RD861.4408 M491ap46472-30r2020-06-25te. 3w2020-06-25yLBS1 00102ddc51708PDaBNPHUbBNPHUcHDd2015-08-19eDepósito legaloBNPHU PD RD861.4408 M491ap46472-10r2020-06-25w2020-06-25yLBS1 00102ddc51708PDaBNPHUbBNPHUcHDd2015-08-19eDepósito legaloBNPHU PD RD861.4408 M491ap46472-20r2020-06-25te. 2w2020-06-25yLBS1 00102ddc56708DSaBNPHUbBNPHUcHDd2023-01-12eDonado por Víctor Hugo 9/2/2022l0oBNPHU DS RD861.4408 M491ap2023-0111r2023-01-12te. 4w2023-01-12yLBS1 c45961d45961